Special report: self-storage and serviced offices (Record no. 71881)

MARC details
000 -LEADER
fixed length control field 01089cam a2200217 4500
001 - CONTROL NUMBER
control field ABS66232
008 - FIXED-LENGTH DATA ELEMENTS--GENERAL INFORMATION
fixed length control field 030106n2002 000 0 eng u
035 ## - SYSTEM CONTROL NUMBER
System control number (Sirsi) u120923
245 ## - TITLE STATEMENT
Title Special report: self-storage and serviced offices
260 ## - PUBLICATION, DISTRIBUTION, ETC.
Date of publication, distribution, etc. 2002
490 ## - SERIES STATEMENT
Series statement Property Week
Volume/sequential designation 67(48) 13 December 2002, 47-53(4)
520 ## - SUMMARY, ETC.
Summary, etc. "Service included" looks at the new breed of agent who is offloading tenants' surplus space to serviced office occupiers. Some serviced office operators are getting into managed space as a method of diversifying in a stagnant market. "True colours" discusses local authority planners' disdain for self-storage and in particular for the corporate colour schemes of self-storage companies and also the low employment potential of such enterprises.
590 ## - LOCAL NOTE (RLIN)
Local note ABS
650 ## - SUBJECT ADDED ENTRY--TOPICAL TERM
Topical term or geographic name entry element SERVICED OFFICES
650 ## - SUBJECT ADDED ENTRY--TOPICAL TERM
Topical term or geographic name entry element PROPERTY-COMMERCIAL PROPERTY-OFFICE PROPERTY-OFFICE PROPERTY MARKET
650 ## - SUBJECT ADDED ENTRY--TOPICAL TERM
Topical term or geographic name entry element SELF-STORAGE
650 ## - SUBJECT ADDED ENTRY--TOPICAL TERM
Topical term or geographic name entry element MANAGED PROPERTY
650 ## - SUBJECT ADDED ENTRY--TOPICAL TERM
Topical term or geographic name entry element PLANNING
690 ## - LOCAL SUBJECT ADDED ENTRY--TOPICAL TERM (OCLC, RLIN)
Topical term or geographic name as entry element PROPERTY-COMMERCIAL PROPERTY-COMMERCIAL PROPERTY MARKET
942 ## - ADDED ENTRY ELEMENTS (KOHA)
Suppress in OPAC 0
Holdings
Withdrawn status Lost status Source of classification or shelving scheme Damaged status Not for loan Home library Current library Shelving location Date acquired Total Checkouts Full call number Barcode Date last seen Copy number Price effective from Koha item type
    Dewey Decimal Classification     London London Journal article 06/01/2003   ABS66232 120923-1001 06/08/2019 1 06/08/2019 Journal article